000 nam a22 7a 4500
999 _c9728
_d9728
008 180206b ||||| |||| 00| 0 eng d
100 _aKumar,K.
_91621
245 _aThe Child's Language
260 _aNew Delhi
_bNBT
_c2008